All European Borders - Statistics

General Stats
  • This quiz has been taken 2,275 times
  • The average score is 73 of 91
Answer Stats
ANSWER % Correct
Andorra-Spain (63.7)
95%
Andorra-France (56.6)
94%
Albania-Greece (282)
93%
Ireland-United Kingdom (360)
93%
Austria-Germany (784)
92%
Belarus-Russia (959)
92%
Belgium-France (620)
92%
Belgium-Netherlands (450)
92%
Denmark-Germany (68)
92%
Finland-Sweden (614)
92%
Belgium-Luxembourg (148)
90%
Bulgaria-Romania (608)
90%
Estonia-Latvia (339)
90%
Estonia-Russia (294)
90%
Finland-Russia (1340)
90%
Italy-San Marino (39)
90%
Italy-Vatican City (3.2)
90%
Belgium-Germany (167)
89%
Bosnia and Herzegovina-Croatia (932)
89%
France-Monaco (4.4)
89%
Albania-Kosovo (112)
88%
Albania-Montenegro (172)
88%
Austria-Liechtenstein (35)
88%
France-Italy (488)
88%
Austria-Hungary (366)
87%
Austria-Italy (430)
86%
Austria-Switzerland (164)
86%
Belarus-Lithuania (502)
86%
Bosnia and Herzegovina-Serbia (302)
86%
Finland-Norway (736)
86%
France-Luxembourg (73)
86%
France-Spain (623)
86%
Germany-Poland (456)
86%
Albania-Macedonia (151)
85%
Austria-Czech Republic (362)
85%
Croatia-Slovenia (670)
85%
Czech Republic-Germany (815)
85%
Portugal-Spain (1214)
85%
Austria-Slovakia (91)
84%
Austria-Slovenia (330)
84%
Belarus-Poland (407)
84%
Belarus-Ukraine (891)
84%
Bulgaria-Greece (494)
84%
Czech Republic-Slovakia (215)
84%
Germany-Netherlands (577)
84%
Czech Republic-Poland (658)
83%
France-Germany (451)
83%
Italy-Switzerland (740)
83%
Bosnia and Herzegovina-Montenegro (225)
82%
Croatia-Serbia (241)
82%
France-Switzerland (573)
82%
Germany-Luxembourg (138)
82%
Latvia-Lithuania (453)
82%
Norway-Sweden (1619)
82%
Greece-Turkey (206)
81%
Italy-Slovenia (232)
81%
Liechtenstein-Switzerland (41)
81%
Belarus-Latvia (141)
80%
Greece-Macedonia (246)
80%
Hungary-Slovakia (677)
80%
Hungary-Slovenia (102)
80%
Moldova-Ukraine (939)
79%
Kosovo-Serbia (352)
78%
Latvia-Russia (217)
78%
Moldova-Romania (450)
78%
Bulgaria-Turkey (240)
76%
Lithuania-Russia (227)
76%
Bulgaria-Macedonia (148)
75%
Lithuania-Poland (91)
75%
Bulgaria-Serbia (318)
74%
Germany-Switzerland (334)
74%
Hungary-Romania (443)
74%
Croatia-Montenegro (25)
72%
Kosovo-Macedonia (159)
72%
Kosovo-Montenegro (79)
71%
Croatia-Hungary (329)
70%
Russia-Ukraine (1576)
70%
Hungary-Serbia (151)
69%
Norway-Russia (196)
68%
Poland-Russia (206)
66%
Hungary-Ukraine (103)
62%
Poland-Slovakia (444)
61%
Romania-Ukraine (531)
61%
no borders (Iceland)
60%
Montenegro-Serbia (124)
59%
Macedonia-Serbia (62)
57%
no borders (Malta)
57%
Poland-Ukraine (526)
57%
Romania-Serbia (476)
55%
Spain-United Kingdom (1.2)
46%
Slovakia-Ukraine (97)
44%
No matching quizzes found
Score Distribution
Percent of People with Each Score
Percentile by Number Answered
Your Score History
You have not taken this quiz